| 000 | 00447nam a2200169Ia 4500 | ||
|---|---|---|---|
| 003 | GCL | ||
| 008 | 140319s9999 xx 000 0 eng d | ||
| 040 |
_aGCL / _cGCL |
||
| 082 | 0 | 4 |
_a860 _bG E |
| 100 | 1 | _aGALDOS, BENITO PEREZ | |
| 245 | 1 | 0 |
_aEL 19 DE MAZO Y EL 2 DE MAYO / _cGALDOS, BENITO PEREZ |
| 260 |
_a[S.N] : _bA LIANZA EDITORIAL ، _c1985 |
||
| 300 | _a193 P | ||
| 650 | 0 | 4 | _aLITERATURE |
| 650 | 0 | 4 | _aSPANISH LITERATURE |
| 942 |
_2ddc _cBK |
||
| 999 |
_c23646 _d23646 |
||